[Event "SRB-chT2 East"]
[Site "Serbia"]
[Date "2017.09.09"]
[Round "2.1"]
[White "Perovic, Zivojin"]
[Black "Pejcic, Marko"]
[Result "1-0"]
[WhiteElo "2180"]
[BlackElo "1194"]
[PlyCount "55"]
[EventDate "2017.09.08"]
[EventType "team-tourn"]
[EventRounds "11"]
[EventCountry "SRB"]
[SourceTitle "EXT 2022"]
[Source "ChessBase"]
[SourceDate "2021.10.06"]
[SourceVersion "1"]
[SourceVersionDate "2021.10.06"]
[SourceQuality "1"]

1. e4 e5 2. Bc4 Nf6 3. d3 Bc5 4. Nf3 d6 5. 0-0 Bg4 6. Nbd2 Nc6 7. c3 Nh5 8. h3 Be6 9. Bxe6 fxe6 10. Nxe5 dxe5 11. Qxh5+ g6 12. Qe2 Qd7 13. b4 Bb6 14. Nc4 Rf8 15. Bg5 a6 16. a4 Qg7 17. Nxb6 cxb6 18. Qg4 Kd7 19. b5 Na5 20. Rab1 h6 21. Be3 h5 22. Qe2 axb5 23. Rxb5 Nc6 24. Rxb6 Rxa4 25. Rxb7+ Ke8 26. Rxg7 Ne7 27. Qb2 Ra8 28. Qb5+ 1-0

[Event "SRB-chT2 East"]
[Site "Serbia"]
[Date "2017.09.09"]
[Round "3.3"]
[White "Stankovic, Darko"]
[Black "Perovic, Zivojin"]
[Result "0-1"]
[WhiteElo "1912"]
[BlackElo "2180"]
[PlyCount "66"]
[EventDate "2017.09.08"]
[EventType "team-tourn"]
[EventRounds "11"]
[EventCountry "SRB"]
[SourceTitle "EXT 2022"]
[Source "ChessBase"]
[SourceDate "2021.10.06"]
[SourceVersion "1"]
[SourceVersionDate "2021.10.06"]
[SourceQuality "1"]

1. d4 Nf6 2. Nf3 g6 3. Bf4 Bg7 4. e3 0-0 5. Be2 d6 6. 0-0 Bg4 7. h3 Bxf3 8. Bxf3 c6 9. c3 Nbd7 10. Qb3 Qc7 11. Nd2 Rfe8 12. Bg3 Rab8 13. Rfe1 c5 14. Rad1 b5 15. Nf1 c4 16. Qc2 e5 17. e4 Nb6 18. Ne3 Nfd7 19. Re2 exd4 20. cxd4 Nf8 21. Qd2 Ne6 22. Nc2 Na4 23. Qb4 Red8 24. Re3 a5 25. Qa3 Bh6 26. Ree1 c3 27. bxc3 Nxc3 28. Rd3 b4 29. Qb2 Qc4 30. d5 Qxd3 31. dxe6 fxe6 32. Qb3 Re8 33. Bg4 a4 0-1

[Event "Stari Banovci Vidovdan op"]
[Site "Stari Banovci"]
[Date "2017.07.03"]
[Round "7"]
[White "Vukovic, Ilija"]
[Black "Perovic, Zivojin"]
[Result "1/2-1/2"]
[WhiteElo "1854"]
[BlackElo "2193"]
[PlyCount "127"]
[EventDate "2017.06.28"]
[EventType "swiss"]
[EventRounds "9"]
[EventCountry "SRB"]
[SourceTitle "EXT 2018"]
[Source "ChessBase"]
[SourceDate "2017.10.13"]
[SourceVersion "1"]
[SourceVersionDate "2017.10.13"]
[SourceQuality "1"]

1. Nf3 Nf6 2. b3 g6 3. Bb2 Bg7 4. e3 0-0 5. Be2 d6 6. 0-0 Nbd7 7. c4 c6 8. d4 Re8 9. Nc3 e5 10. Qc2 Qc7 11. Rfd1 a5 12. Rac1 exd4 13. exd4 Nb6 14. a3 Bf5 15. Bd3 Bg4 16. Be2 d5 17. Ne5 Bxe2 18. Nxe2 Nfd7 19. Nxd7 Qxd7 20. c5 Nc8 21. Qd3 Ne7 22. Rc2 Nf5 23. Ng3 Nxg3 24. hxg3 Qg4 25. Bc3 Re6 26. a4 f5 27. Rcc1 h5 28. Re1 Re4 29. Rcd1 Rae8 30. f3 Rxe1+ 31. Rxe1 Rxe1+ 32. Kf2 Qg5 33. Bxe1 Qc1 34. Qc3 Qd1 35. Bd2 Bf6 36. Be3 f4 37. gxf4 Bh4+ 38. g3 Bd8 39. Bd2 h4 40. Qe3 Kf7 41. gxh4 Bxh4+ 42. Kg2 Bf6 43. Qd3 Qa1 44. Be3 Qb2+ 45. Bf2 Bh4 46. Qe3 Qc2 47. Qe1 Bxf2 48. Qxf2 Qxb3 49. Qh4 Qb2+ 50. Qf2 Qa1 51. Qe3 Qxa4 52. Qe5 Qc2+ 53. Kg3 Qf5 54. Qc7+ Kf6 55. Qd8+ Kg7 56. Qxa5 Qb1 57. Qc7+ Kh6 58. Qd8 Qg1+ 59. Kh3 Qxd4 60. Qg5+ Kh7 61. Qh4+ Kg8 62. Qd8+ Kf7 63. Qd7+ Kf6 64. Qd8+ 1/2-1/2

[Event "SRB-ch U18"]
[Site "Kragujevac"]
[Date "2017.04.13"]
[Round "4"]
[White "Radovic, Luka"]
[Black "Perovic, Zivojin"]
[Result "1-0"]
[WhiteElo "2261"]
[BlackElo "2143"]
[PlyCount "63"]
[EventDate "2017.04.11"]
[EventType "swiss"]
[EventRounds "9"]
[EventCountry "SRB"]
[SourceTitle "EXT 2019"]
[Source "ChessBase"]
[SourceDate "2018.10.10"]
[SourceVersion "1"]
[SourceVersionDate "2018.10.10"]
[SourceQuality "1"]

1. Nf3 Nf6 2. g3 g6 3. Bg2 Bg7 4. c4 0-0 5. 0-0 d6 6. d4 Re8 7. Nc3 Nbd7 8. e4 e5 9. h3 exd4 10. Nxd4 Nc5 11. Re1 a5 12. Bf4 Bd7 13. Nb3 Ne6 14. Be3 a4 15. Nd4 h5 16. Qc2 a3 17. b3 Qc8 18. Nxe6 Bxe6 19. Kh2 h4 20. g4 Bxg4 21. hxg4 Nxg4+ 22. Kg1 Ne5 23. f4 h3 24. fxe5 hxg2 25. Qxg2 Bxe5 26. Nd5 Kg7 27. Rad1 Qd8 28. Rf1 Qh4 29. Bg5 Qh5 30. Nf6 Bxf6 31. Bxf6+ Kg8 32. Rd3 1-0

[Event "SRB-ch U18"]
[Site "Kragujevac"]
[Date "2017.04.11"]
[Round "1"]
[White "Matovic, Mihajlo Z"]
[Black "Perovic, Zivojin"]
[Result "1/2-1/2"]
[WhiteElo "2315"]
[BlackElo "2143"]
[PlyCount "32"]
[EventDate "2017.04.11"]
[EventType "swiss"]
[EventRounds "9"]
[EventCountry "SRB"]
[SourceTitle "EXT 2019"]
[Source "ChessBase"]
[SourceDate "2018.10.10"]
[SourceVersion "1"]
[SourceVersionDate "2018.10.10"]
[SourceQuality "1"]

1. Nf3 Nf6 2. g3 g6 3. b3 Bg7 4. Bb2 0-0 5. Bg2 d6 6. d4 Nbd7 7. 0-0 Re8 8. Nbd2 e5 9. dxe5 dxe5 10. e4 c6 11. a4 a5 12. Nc4 Nxe4 13. Nfxe5 Nxe5 14. Qxd8 Rxd8 15. Bxe5 Nc3 16. Rfe1 Bf5 1/2-1/2

[Event "Belgrade-chT"]
[Site "Belgrade"]
[Date "2016.10.15"]
[Round "7.7"]
[White "Krstic, Milos M"]
[Black "Perovic, Zivojin"]
[Result "0-1"]
[WhiteElo "1971"]
[BlackElo "2203"]
[PlyCount "80"]
[EventDate "2016.10.08"]
[EventType "team-tourn"]
[EventRounds "13"]
[EventCountry "SRB"]
[SourceTitle "CBM 175 Extra"]
[Source "ChessBase"]
[SourceDate "2016.12.12"]
[SourceVersion "1"]
[SourceVersionDate "2016.12.12"]
[SourceQuality "1"]
[WhiteTeam "Delfin"]
[BlackTeam "Belgrade"]
[WhiteTeamCountry "SRB"]
[BlackTeamCountry "SRB"]

1. d4 Nf6 2. Bg5 e6 3. e4 h6 4. Bxf6 Qxf6 5. e5 Qd8 6. f4 d6 7. Nf3 dxe5 8. dxe5 Qxd1+ 9. Kxd1 a6 10. Nbd2 Nd7 11. Ne4 b6 12. Bd3 Bb7 13. Ke2 0-0-0 14. c3 Be7 15. Rad1 Rhg8 16. Rhf1 g5 17. fxg5 hxg5 18. g4 Rg7 19. b4 Rh8 20. Rf2 b5 21. Bc2 Nb6 22. Nf6 Bxf3+ 23. Kxf3 Bxf6 24. exf6 Rgg8 25. Kg3 Nd5 26. Rf3 Rh6 27. Be4 Nxf6 28. Bc6 Rgh8 29. Rd2 Rh3+ 30. Kf2 Nxg4+ 31. Kg1 Ne5 32. Rxh3 Rxh3 33. Kg2 Rxc3 34. Be8 Re3 35. Rf2 f5 36. a4 bxa4 37. Bxa4 Re4 38. Rb2 Nd3 39. Rd2 Rxb4 40. Bc2 Ne1+ 0-1

[Event "Belgrade-chT"]
[Site "Belgrade"]
[Date "2016.10.14"]
[Round "6.1"]
[White "Perovic, Zivojin"]
[Black "Vujacic, Borivoje"]
[Result "0-1"]
[WhiteElo "2203"]
[BlackElo "2231"]
[PlyCount "164"]
[EventDate "2016.10.08"]
[EventType "team-tourn"]
[EventRounds "13"]
[EventCountry "SRB"]
[SourceTitle "EXT 2017"]
[Source "ChessBase"]
[SourceDate "2016.10.25"]
[SourceVersion "1"]
[SourceVersionDate "2016.10.25"]
[SourceQuality "1"]
[WhiteTeam "Belgrade"]
[BlackTeam "Crvena Zvezda"]
[WhiteTeamCountry "SRB"]
[BlackTeamCountry "SRB"]

1. e4 c5 2. Nf3 d6 3. c3 Nf6 4. h3 Nc6 5. Bd3 g6 6. 0-0 Bg7 7. Bc2 0-0 8. d4 cxd4 9. cxd4 Nb4 10. Bb3 d5 11. e5 Ne4 12. Nc3 Nxc3 13. bxc3 Nc6 14. Re1 Na5 15. Bg5 Be6 16. Rc1 Rc8 17. Qd3 a6 18. Nd2 b5 19. a4 Qd7 20. axb5 axb5 21. Ra1 Nc4 22. Qe2 h6 23. Bh4 Rc7 24. Nxc4 dxc4 25. Bc2 b4 26. cxb4 Qxd4 27. Bg3 Rb8 28. Reb1 Rcb7 29. Ra6 Rb6 30. Rxb6 Rxb6 31. b5 Qc5 32. Qd2 Bd5 33. Qb4 Qxb4 34. Rxb4 e6 35. f4 Bf8 36. Rb1 Rb8 37. Bf2 Ra8 38. Bd4 Ra2 39. Rb2 Ra1+ 40. Rb1 Ra2 41. Rb2 Rxb2 42. Bxb2 Bc5+ 43. Kf1 Kf8 44. Bc3 Ke7 45. g3 Kd7 46. Ke2 Kc7 47. Ba5+ Bb6 48. Bc3 Bg2 49. h4 h5 50. Bb4 Bd4 51. Ba5+ Kb7 52. Bb1 Ka7 53. Bc2 Bh3 54. Be4 Bf5 55. Bxf5 gxf5 56. Bd8 Kb7 57. Ba5 c3 58. Bd8 Bf2 59. Kd3 Bxg3 60. Kxc3 Bxf4 61. Kd4 Bc1 62. Kd3 Bb2 63. Bf6 Kc7 64. Kc2 Bd4 65. Kd3 Bc5 66. Bg5 Kd7 67. Kc2 Kc7 68. Kc3 Kb7 69. Bd8 Bb6 70. Bg5 Bg1 71. Bd8 Bf2 72. Bg5 Bg3 73. Bf6 Kb6 74. Kc4 f4 75. Bd8+ Kb7 76. Kd3 f3 77. Ke3 f2 78. Ke2 Bxe5 79. Kxf2 f5 80. Kf3 Bd6 81. Ba5 e5 82. Bd8 Bc7 0-1

[Event "SRB-ch U18"]
[Site "Kragujevac"]
[Date "2016.05.07"]
[Round "8"]
[White "Perovic, Zivojin"]
[Black "Ivic, Matija"]
[Result "1-0"]
[WhiteElo "2213"]
[BlackElo "2157"]
[PlyCount "60"]
[EventDate "2016.05.02"]
[EventType "swiss"]
[EventRounds "9"]
[EventCountry "SRB"]
[SourceTitle "CBM 172 Extra"]
[Source "ChessBase"]
[SourceDate "2016.06.21"]
[SourceVersion "1"]
[SourceVersionDate "2016.06.21"]
[SourceQuality "1"]

1. e4 d5 2. exd5 Qxd5 3. Nf3 Nf6 4. d4 Bg4 5. Be2 c6 6. 0-0 e6 7. c4 Qd6 8. Nc3 Be7 9. Be3 0-0 10. Qd2 Rd8 11. Rad1 Qb4 12. Ne5 Bxe2 13. Qxe2 Nbd7 14. Bg5 Qb6 15. Rfe1 Nf8 16. c5 Qc7 17. Bf4 Qc8 18. Nc4 Ng6 19. Bd6 Bxd6 20. Nxd6 Qc7 21. b4 Rd7 22. a4 Rad8 23. Qc4 Nf4 24. g3 N4d5 25. Nxd5 exd5 26. Qe2 b6 27. Qe3 Rxd6 28. cxd6 Qxd6 29. Qe7 Ne4 30. Qxd6 Nxd6 1-0

[Event "Belgrade Trophy 29th"]
[Site "Belgrade"]
[Date "2015.12.01"]
[Round "8"]
[White "Perovic, Zivojin"]
[Black "Garic, Radomir"]
[Result "0-1"]
[WhiteElo "2083"]
[BlackElo "2253"]
[PlyCount "62"]
[EventDate "2015.11.24"]
[EventType "swiss"]
[EventRounds "9"]
[EventCountry "SRB"]
[SourceTitle "CBM 170 Extra"]
[Source "ChessBase"]
[SourceDate "2016.02.25"]
[SourceVersion "1"]
[SourceVersionDate "2016.02.25"]
[SourceQuality "1"]

1. e4 Nc6 2. Nf3 d5 3. exd5 Qxd5 4. d4 Bg4 5. Be2 0-0-0 6. c3 e5 7. dxe5 Qxd1+ 8. Bxd1 Nxe5 9. Be2 Nxf3+ 10. gxf3 Bf5 11. Be3 Kb8 12. Nd2 Nf6 13. Nb3 Be7 14. Rg1 Bg6 15. Bc4 Rhe8 16. Rd1 Bd6 17. h4 Nh5 18. Kf1 Be7 19. Rxd8+ Rxd8 20. Bg5 Bxg5 21. Rxg5 Rd1+ 22. Kg2 f5 23. Kh2 Rb1 24. Nd4 Rxb2 25. Kg1 Nf4 26. Kh2 Nh5 27. Kg1 c5 28. Nxf5 b5 29. Bg8 Nf4 30. Nxg7 Nh3+ 31. Kg2 Nxg5 0-1

[Event "Belgrade Trophy 29th"]
[Site "Belgrade"]
[Date "2015.11.25"]
[Round "2"]
[White "Baglan, Esat"]
[Black "Perovic, Zivojin"]
[Result "1-0"]
[WhiteElo "2238"]
[BlackElo "2083"]
[PlyCount "73"]
[EventDate "2015.11.24"]
[EventType "swiss"]
[EventRounds "9"]
[EventCountry "SRB"]
[SourceTitle "CBM 170 Extra"]
[Source "ChessBase"]
[SourceDate "2016.02.25"]
[SourceVersion "1"]
[SourceVersionDate "2016.02.25"]
[SourceQuality "1"]

1. d4 Nf6 2. c4 g6 3. Nf3 Bg7 4. g3 d6 5. Bg2 0-0 6. 0-0 Re8 7. Nc3 Nbd7 8. Qc2 e5 9. Rd1 e4 10. Ng5 e3 11. fxe3 Ng4 12. e4 Bh6 13. Nh3 Ne3 14. Bxe3 Bxe3+ 15. Kh1 c6 16. Qd3 Bh6 17. Nf2 Nf6 18. Rf1 Bg7 19. Rad1 h5 20. h3 Bh6 21. b3 Qe7 22. b4 Nh7 23. c5 Bd7 24. cxd6 Qxd6 25. e5 Qe7 26. Nfe4 Bf5 27. Rxf5 gxf5 28. Nd6 Red8 29. Nxf5 Qf8 30. Qf3 Bg7 31. Qxh5 Qxb4 32. Qg4 Qf8 33. Ne4 Kh8 34. Qh5 Kg8 35. Rf1 Re8 36. Rf4 Re6 37. Rh4 1-0

[Event "SRB Central-ch op-A 8th"]
[Site "Paracin"]
[Date "2015.07.09"]
[Round "8"]
[White "Perovic, Zivojin"]
[Black "Martynov, Petr"]
[Result "1/2-1/2"]
[WhiteElo "2042"]
[BlackElo "1932"]
[PlyCount "64"]
[EventDate "2015.07.03"]
[EventType "swiss"]
[EventRounds "9"]
[EventCountry "SRB"]
[SourceTitle "CBM 167 Extra"]
[Source "ChessBase"]
[SourceDate "2015.09.14"]
[SourceVersion "1"]
[SourceVersionDate "2015.09.14"]
[SourceQuality "1"]

1. e4 e6 2. d3 c5 3. Nf3 Ne7 4. g3 g6 5. Bg2 Bg7 6. 0-0 0-0 7. c3 Nbc6 8. Re1 d6 9. Nbd2 Rb8 10. a4 a6 11. Qc2 b5 12. axb5 axb5 13. Nb3 b4 14. Be3 Qb6 15. Reb1 e5 16. Nfd2 Be6 17. Nc4 Qc7 18. Nbd2 f5 19. f3 f4 20. Bf2 Qd7 21. g4 Rfd8 22. Na5 Nxa5 23. Rxa5 bxc3 24. bxc3 Qc7 25. Rab5 Rxb5 26. Rxb5 Rb8 27. Qb2 Rxb5 28. Qxb5 Qa7 29. Nc4 Bd7 30. Qb3 Be6 31. Qb5 Bd7 32. Qb3 Be6 1/2-1/2

[Event "SRB Central-ch op-A 8th"]
[Site "Paracin"]
[Date "2015.07.04"]
[Round "3"]
[White "Perovic, Zivojin"]
[Black "Sorgic, Dragan"]
[Result "0-1"]
[WhiteElo "2042"]
[BlackElo "2234"]
[PlyCount "118"]
[EventDate "2015.07.03"]
[EventType "swiss"]
[EventRounds "9"]
[EventCountry "SRB"]
[SourceTitle "CBM 167 Extra"]
[Source "ChessBase"]
[SourceDate "2015.09.14"]
[SourceVersion "1"]
[SourceVersionDate "2015.09.14"]
[SourceQuality "1"]

1. e4 d6 2. d4 Nf6 3. Nc3 g6 4. Nf3 Bg7 5. h3 0-0 6. Be3 c6 7. a4 a5 8. Be2 Nbd7 9. 0-0 e5 10. dxe5 dxe5 11. Bc4 Qe7 12. Qb1 Nc5 13. Nd2 Nh5 14. Qa2 Ne6 15. Nf3 Qf6 16. Kh2 Nhf4 17. Ng1 Nd4 18. Bxd4 exd4 19. Nce2 Qe5 20. Ng3 h5 21. Nf3 Qe7 22. Rfe1 Be5 23. Kg1 Qf6 24. Nxe5 Qxe5 25. Bf1 Be6 26. Qa3 c5 27. Qf3 h4 28. Ne2 Nh5 29. b3 Rad8 30. Rad1 b6 31. Nc1 Rfe8 32. Bb5 Re7 33. Nd3 Qg5 34. Kh1 Kg7 35. Bc4 Bc8 36. Bd5 Nf6 37. Bc6 Nh5 38. Bd5 Ba6 39. Qg4 Qxg4 40. hxg4 Bxd3 41. cxd3 Nf6 42. g5 Nxd5 43. exd5 Rxe1+ 44. Rxe1 Rxd5 45. f4 Rf5 46. Re4 f6 47. gxf6+ Kxf6 48. Kh2 g5 49. fxg5+ Kxg5 50. Re8 Rf2 51. Re6 Rd2 52. Rxb6 Rxd3 53. Rb5 Rc3 54. Rxa5 d3 55. Ra8 Kf4 56. Rd8 Rxb3 57. a5 Ke3 58. Re8+ Kd4 59. Rd8+ Kc3 0-1

[Event "SRB Central-ch op-A 8th"]
[Site "Paracin"]
[Date "2015.07.03"]
[Round "1"]
[White "Perovic, Zivojin"]
[Black "Marjanovic, Annamaria"]
[Result "1/2-1/2"]
[WhiteElo "2042"]
[BlackElo "2277"]
[PlyCount "59"]
[EventDate "2015.07.03"]
[EventType "swiss"]
[EventRounds "9"]
[EventCountry "SRB"]
[SourceTitle "CBM 167 Extra"]
[Source "ChessBase"]
[SourceDate "2015.09.14"]
[SourceVersion "1"]
[SourceVersionDate "2015.09.14"]
[SourceQuality "1"]

1. e4 e5 2. Nf3 Nc6 3. Be2 Nf6 4. d3 d5 5. Nbd2 Bc5 6. 0-0 0-0 7. c3 a5 8. b3 Qe7 9. a3 dxe4 10. dxe4 Nh5 11. Nc4 Nf4 12. Qc2 Qf6 13. Be3 Bxe3 14. Nxe3 Qg6 15. Bc4 Be6 16. Bxe6 fxe6 17. Ne1 Qg5 18. Kh1 Rad8 19. g3 Nh3 20. Qe2 Rf7 21. a4 Qg6 22. f3 Rfd7 23. Rd1 Rxd1 24. Nxd1 Qh6 25. Ne3 Ng5 26. Nd3 Qh5 27. Ng4 Qh3 28. Ngf2 Qh5 29. Ng4 Qh3 30. Ngf2 1/2-1/2

[Event "SRB-ch U16"]
[Site "Vrbas"]
[Date "2015.04.14"]
[Round "8"]
[White "Perovic, Zivojin"]
[Black "Rajkovic, Mladen"]
[Result "0-1"]
[WhiteElo "2024"]
[BlackElo "2277"]
[PlyCount "60"]
[EventDate "2015.04.09"]
[EventType "swiss"]
[EventRounds "9"]
[EventCountry "SRB"]
[SourceTitle "EXT 2016"]
[Source "ChessBase"]
[SourceDate "2015.10.08"]
[SourceVersion "1"]
[SourceVersionDate "2015.10.08"]
[SourceQuality "1"]

1. e4 e5 2. Nf3 Nc6 3. Be2 Nf6 4. d3 Bc5 5. 0-0 d5 6. Nbd2 0-0 7. c3 Bd6 8. Qc2 Bg4 9. h3 Bh5 10. a3 Ne7 11. b4 c6 12. Re1 Bg6 13. Bb2 Nh5 14. Bf1 f6 15. Nb3 b6 16. Rad1 Nf4 17. g3 Ne6 18. Bg2 Qc7 19. Nh4 Bh5 20. g4 Bf7 21. Kh2 Nf4 22. Bf3 a5 23. Nd2 axb4 24. cxb4 Qd7 25. Nf1 Rfc8 26. Ra1 c5 27. bxc5 Bxc5 28. Qd2 Qb5 29. Red1 Nxd3 30. Qxd3 Qxb2 0-1

[Event "Belgrade Trophy 28th"]
[Site "Belgrade"]
[Date "2014.11.24"]
[Round "1"]
[White "Blagojevic, Dragisa"]
[Black "Perovic, Zivojin"]
[Result "1-0"]
[WhiteElo "2495"]
[BlackElo "2046"]
[PlyCount "55"]
[EventDate "2014.11.24"]
[EventType "swiss"]
[EventRounds "9"]
[EventCountry "SRB"]
[SourceTitle "CBM 163 Extra"]
[Source "ChessBase"]
[SourceDate "2014.12.23"]
[SourceVersion "1"]
[SourceVersionDate "2014.12.23"]
[SourceQuality "1"]

1. d4 Nf6 2. c4 g6 3. Nf3 Bg7 4. g3 d6 5. Bg2 0-0 6. 0-0 Re8 7. Nc3 Nbd7 8. e4 e5 9. h3 exd4 10. Nxd4 Nc5 11. Re1 a5 12. b3 Bd7 13. Kh2 h6 14. Rb1 Qc8 15. f4 c6 16. a3 Qc7 17. b4 axb4 18. axb4 Ne6 19. Nde2 Nf8 20. Qd3 Red8 21. Nd4 N6h7 22. Bd2 Ne6 23. Nc2 Nef8 24. Be3 f5 25. Bd4 Bc8 26. Bxg7 Kxg7 27. Rbd1 Be6 28. Nd4 1-0

[Event "Belgrade-chT"]
[Site "Belgrade"]
[Date "2014.05.08"]
[Round "3"]
[White "Mikicic, Dusan"]
[Black "Perovic, Zivojin"]
[Result "1-0"]
[WhiteElo "2182"]
[BlackElo "1861"]
[PlyCount "76"]
[EventDate "2014.05.05"]
[EventType "swiss"]
[EventRounds "5"]
[EventCountry "SRB"]
[SourceTitle "CBM 160 Extra"]
[Source "ChessBase"]
[SourceDate "2014.07.01"]
[SourceVersion "1"]
[SourceVersionDate "2014.07.01"]
[SourceQuality "1"]

1. e4 c5 2. Nf3 d6 3. d4 cxd4 4. Nxd4 Nf6 5. Nc3 a6 6. g3 g6 7. Bg2 Bg7 8. h3 Qc7 9. 0-0 0-0 10. Kh2 Bd7 11. f4 Nc6 12. Nde2 Rac8 13. Nd5 Nxd5 14. exd5 Nd8 15. c3 b5 16. Be3 Nb7 17. Rc1 Na5 18. b3 e6 19. g4 Rfe8 20. Qd2 exd5 21. Nd4 Nc6 22. Bxd5 Ne7 23. Bg2 f5 24. g5 Nc6 25. Bd5+ Kh8 26. Rfd1 Qd8 27. Bf2 Re7 28. Re1 Rxe1 29. Rxe1 Nxd4 30. Bxd4 Qf8 31. Bb7 Re8 32. Bxg7+ Qxg7 33. Rxe8+ Bxe8 34. Qxd6 a5 35. Qe5 Bf7 36. Qb8+ Qg8 37. Qxg8+ Kxg8 38. Bc6 b4 1-0